000 00258nam a22001097a 4500
082 _a621.388 VAS'H
100 _aVASTENHOUND, J
_980065
245 _aHOW TO IMPROVE YOUR TV RECEPTION
260 _aDENMARK
_bLUND JOHANSEN
_c1956
300 _a71P
942 _cBK
999 _c585036
_d585036